[Event "CZE-ch U12"]
[Site "Sec u Chrudimi"]
[Date "2005.10.22"]
[Round "1"]
[White "Skoda, Adam"]
[Black "Milek, Jakub"]
[Result "1-0"]
[WhiteElo "1447"]
[BlackElo "1250"]
[PlyCount "101"]
[EventDate "2005.10.22"]
[EventType "swiss"]
[EventRounds "9"]
[EventCountry "CZE"]
[SourceTitle "EXT 2008"]
[Source "ChessBase"]
[SourceDate "2007.11.25"]
[SourceVersion "1"]
[SourceVersionDate "2007.11.25"]
[SourceQuality "1"]

1. d4 d5 2. c4 Nf6 3. Bg5 Bf5 4. Nc3 Nc6 5. Nf3 e6 6. e3 Be7 7. Be2 Ne4 8. Nxe4 dxe4 9. Bxe7 Qxe7 10. Nd2 0-0 11. a3 Rad8 12. 0-0 Bg6 13. Qb3 b6 14. f3 f5 15. Rf2 f4 16. fxe4 Qf6 17. e5 Nxe5 18. dxe5 Qxe5 19. exf4 Rxf4 20. Nf3 Qe4 21. Rd1 Rxd1+ 22. Qxd1 Qe3 23. Qd2 Qxd2 24. Nxd2 e5 25. Rxf4 exf4 26. Kf2 Kf7 27. Nf3 Kf6 28. Ne1 Ke5 29. Bd3 Bf7 30. Bxh7 Bxc4 31. Bd3 Kd5 32. Bxc4+ Kxc4 33. Ke2 Kb3 34. Nd3 c5 35. Nxf4 Kxb2 36. h4 Kxa3 37. h5 b5 38. Kd2 a5 39. g4 b4 40. g5 b3 41. Kc1 Ka2 42. Kd2 b2 43. Ne2 a4 44. Nc3+ Ka1 45. h6 a3 46. h7 a2 47. h8Q b1Q 48. Nxb1 axb1Q 49. Qa8+ Kb2 50. Qb7+ Ka3 51. Qxb1 1-0